header

The 12 touchstones of good teaching : (Record no. 117358)

MARC details
000 -LEADER
fixed length control field 02039nam a2200433 i 4500
001 - CONTROL NUMBER
control field ebr10754398
003 - CONTROL NUMBER IDENTIFIER
control field CaPaEBR
006 - FIXED-LENGTH DATA ELEMENTS--ADDITIONAL MATERIAL CHARACTERISTICS--GENERAL INFORMATION
fixed length control field m o d
007 - PHYSICAL DESCRIPTION FIXED FIELD--GENERAL INFORMATION
fixed length control field cr cn|||||||||
008 - FIXED-LENGTH DATA ELEMENTS--GENERAL INFORMATION
fixed length control field 130618t20132013vau ob 001 0 eng|d
020 ## - INTERNATIONAL STANDARD BOOK NUMBER
Cancelled/invalid ISBN 9781416616016 (pbk. : alk. paper)
International Standard Book Number 9781416617297 (e-book)
040 ## - CATALOGING SOURCE
Original cataloging agency CaPaEBR
Language of cataloging eng
Description conventions rda
-- pn
Transcribing agency CaPaEBR
035 ## - SYSTEM CONTROL NUMBER
System control number (OCoLC)857467749
050 14 - LIBRARY OF CONGRESS CALL NUMBER
Classification number LB1025.3
Item number .G664 2013eb
082 04 - DEWEY DECIMAL CLASSIFICATION NUMBER
Classification number 371.102
Edition number 23
100 1# - MAIN ENTRY--PERSONAL NAME
Personal name Goodwin, Bryan.
245 14 - TITLE STATEMENT
Title The 12 touchstones of good teaching :
Remainder of title a checklist for staying focused every day /
Statement of responsibility, etc Bryan Goodwin & Elizabeth Ross Hubbell.
246 3# - VARYING FORM OF TITLE
Title proper/short title Twelve touchstones of good teaching
264 #1 - PRODUCTION, PUBLICATION, DISTRIBUTION, MANUFACTURE, AND COPYRIGHT NOTICE
Place of production, publication, distribution, manufacture Alexandria, Virginia :
Name of producer, publisher, distributor, manufacturer ASCD,
Date of production, publication, distribution, manufacture, or copyright notice [2013]
Date of production, publication, distribution, manufacture, or copyright notice �2013
300 ## - PHYSICAL DESCRIPTION
Extent 1 online resource (256 pages)
336 ## - CONTENT TYPE
Content type term text
Source rdacontent
337 ## - MEDIA TYPE
Media type term computer
Source rdamedia
338 ## - CARRIER TYPE
Carrier type term online resource
Source rdacarrier
504 ## - BIBLIOGRAPHY, ETC. NOTE
Bibliography, etc Includes bibliographical references and index.
505 0# - FORMATTED CONTENTS NOTE
Formatted contents note section 1. Be demanding : articulate and maintain high expectations for learning -- section 2. Be supportive : provide a nuturing learning environment -- section 3. Be intentional : know why you're doing what you're doing.
588 ## - SOURCE OF DESCRIPTION NOTE
Source of description note Description based on print version record.
590 ## - LOCAL NOTE (RLIN)
Local note Electronic reproduction. Palo Alto, Calif. : ebrary, 2013. Available via World Wide Web. Access may be limited to ebrary affiliated libraries.
650 #0 - SUBJECT ADDED ENTRY--TOPICAL TERM
Topical term or geographic name as entry element Effective teaching.
Topical term or geographic name as entry element Teacher effectiveness.
Topical term or geographic name as entry element Teacher-student relationships.
Topical term or geographic name as entry element Academic achievement.
655 #0 - INDEX TERM--GENRE/FORM
Genre/form data or focus term Electronic books.
700 1# - ADDED ENTRY--PERSONAL NAME
Personal name Hubbell, Elizabeth Ross.
776 08 - ADDITIONAL PHYSICAL FORM ENTRY
Display text Print version:
Main entry heading Goodwin, Bryan.
Title 12 touchstones of good teaching : a checklist for staying focused every day.
Place, publisher, and date of publication Alexandria, Virginia : ASCD, [2013]
Physical description xxix, 222 pages
International Standard Book Number 9781416616016
Record control number (DLC) 2013019106
797 2# - LOCAL ADDED ENTRY--CORPORATE NAME (RLIN)
Corporate name or jurisdiction name as entry element ebrary.
856 40 - ELECTRONIC LOCATION AND ACCESS
Uniform Resource Identifier <a href="http://site.ebrary.com/lib/rucke/Doc?id=10754398">http://site.ebrary.com/lib/rucke/Doc?id=10754398</a>
Public note An electronic book accessible through the World Wide Web; click to view

No items available.

© 2026 Rongo University
Contact us: librarian | system librarian | Rongo university